The Relationship between Workplace Bullying and Stress in the Pakistan Context: (Record no. 531802)

000 -LEADER
fixed length control field 00536nam a22001577a 4500
020 ## - INTERNATIONAL STANDARD BOOK NUMBER
Qualifying information Hard Cover.
082 ## - DEWEY DECIMAL CLASSIFICATION NUMBER
Classification number 658.3
100 ## - MAIN ENTRY--PERSONAL NAME
Personal name Mehmood, Amna.
245 ## - TITLE STATEMENT
Title The Relationship between Workplace Bullying and Stress in the Pakistan Context:
Remainder of title The Moderating Role of Coping Strategies
Statement of responsibility, etc. Amna Mehmood.
260 ## - PUBLICATION, DISTRIBUTION, ETC.
Place of publication, distribution, etc. Islamabad:
Name of publisher, distributor, etc. NBS - NUST,
Date of publication, distribution, etc. 2018.
300 ## - PHYSICAL DESCRIPTION
Extent 109 p.: ill.;
Dimensions 30cm.
650 ## - SUBJECT ADDED ENTRY--TOPICAL TERM
Topical term or geographic name entry element HRM - MS-Thesis.
700 ## - ADDED ENTRY--PERSONAL NAME
Personal name Maria Khan.
942 ## - ADDED ENTRY ELEMENTS (KOHA)
Source of classification or shelving scheme
Koha item type Thesis
650 ## - SUBJECT ADDED ENTRY--TOPICAL TERM
-- 21029
700 ## - ADDED ENTRY--PERSONAL NAME
-- 17654
Holdings
Withdrawn status Lost status Source of classification or shelving scheme Damaged status Not for loan Permanent Location Current Location Shelving location Date acquired Full call number Barcode Date last seen Price effective from Non-public note Koha item type
          Central Library (CL) Central Library (CL) Thesis 10/28/2019 658.3 CL-T-3866 10/28/2019 10/28/2019 Minute Sheet No. 0929/02/CL/Survey/5 dated 23rd April 2024 E-MIN ID 114741 Thesis
© 2023 Central Library, National University of Sciences and Technology. All Rights Reserved.